000 01471nam a22003377a 4500
005 20240530110342.0
008 141119s2011 le g 001 0 ara d
020 _a9789953824468
040 _aEG-CaGPL
041 0 _aara
082 0 4 _221
_a321.094\
_bت ر
245 0 2 _aالربيع العربى الى اين :
_bافق جديدة للتغيير الديمقراطى /
_cتوفيق المدنى ... [ واخ . ] ؛ محرر عبدالاله بلقزيز
250 _aط 1
260 _aبيروت :
_bمركز دراسات الوحدة العربية ،
_c2011
300 _a351 ص ؛
_c24 سم
490 0 _aسلسلة كتب المستقبل العربى ؛
_v63
650 0 4 _aالثورات
650 0 4 _aثورة 25 يناير
651 0 4 _aالعالم العربى
_xالاحوال السياسية
651 0 4 _aالعالم العربى
_xالربيع العربى
651 0 4 _aتونس
_xالاحوال السياسية
651 0 4 _aمصر
_xالاحوال السياسية
651 0 4 _aمصر
_xالسياسة الخارجية
651 0 4 _aالمغرب
_xالاحوال السياسية
651 0 4 _aالعالم العربى
_xالديمقراطية
700 0 _aتوفيق المدنى
_eمؤلف مشارك
700 0 _aعبدالرحيم العطرى
_eمؤلف مشارك
700 0 _aعبدالاله بلقزيز
_eمحرر
942 _2ddc
_cBK
999 _c59908
_d59908